Statistics for Top 100 Movie Quotes

Click here to take the quiz!

General Stats

  • This quiz has been taken 39,978 times
    (39,949 since last reset)
  • The average score is 39 of 100

Answer Stats

Quote Movie % Correct
E.T. phone home.E. T.: The Extra-Terrestrial
92%
May the Force be with you.Star Wars
92%
Toto, I've got a feeling we're not in Kansas anymore.The Wizard of Oz
89%
I'll be back.The Terminator
82%
I'm going to make him an offer he can't refuse.The Godfather
81%
Mama always said life was like a box of chocolates.
You never know what you're gonna get.
Forrest Gump
78%
Here's looking at you, kid.Casablanca
75%
Frankly, my dear, I don't give a damn.Gone With the Wind
74%
I'm king of the world!Titanic
71%
My Precious.The Lord of the Rings:
The Two Towers
69%
I see dead people.The Sixth Sense
68%
Elementary, my dear Watson.The Adventures
of Sherlock Holmes
67%
Houston, we have a problem.Apollo 13
67%
Yo, Adrian!Rocky
66%
Here's Johnny!The Shining
66%
You're gonna need a bigger boat.Jaws
61%
It's alive! It's alive!Frankenstein
60%
A census taker once tried to test me.
I ate his liver with some fava beans and a nice Chianti.
The Silence of the Lambs
59%
You've got to ask yourself one question: "Do I feel lucky?" Well, do ya, punk?Dirty Harry
58%
Nobody puts Baby in a corner.Dirty Dancing
58%
Show me the money!Jerry Maguire
58%
Say "hello" to my little friend!Scarface
57%
You talkin' to me?Taxi Driver
57%
Plastics.The Graduate
55%
I love the smell of napalm in the morning.Apocalypse Now
51%
Hasta la vista, baby.Terminator 2: Judgment Day
51%
Get your stinking paws off me, you damned dirty ape.Planet of the Apes
49%
I'll have what she's having.When Harry Met Sally...
49%
If you build it, he will come.Field of Dreams
48%
You can't handle the truth!A Few Good Men
47%
Surely you can't be serious....
I am serious...and don't call me Shirley.
Airplane!
47%
Open the pod bay doors, HAL.2001: A Space Odyssey
45%
I feel the need—the need for speed!Top Gun
44%
Rosebud.Citizen Kane
44%
Oh, no, it wasn't the airplanes. It was Beauty killed the Beast.King Kong
43%
A martini. Shaken, not stirred.Goldfinger
42%
Bond. James Bond.Dr. No
41%
Toga! Toga!Animal House
39%
Stella! Hey, Stella!A Streetcar Named Desire
39%
Forget it, Jake, it's Chinatown.Chinatown
39%
A boy's best friend is his mother.Psycho
39%
There's no crying in baseball!A League of Their Own
38%
Greed, for lack of a better word, is good.Wall Street
37%
Carpe diem. Seize the day, boys. Make your lives extraordinary.Dead Poets Society
36%
They're here!Poltergeist
30%
Soylent Green is people!Soylent Green
30%
You don't understand! I coulda had class. I coulda been a contender.
I could've been somebody, instead of a bum, which is what I am.
On the Waterfront
28%
Gentlemen, you can't fight in here! This is the War Room!Dr. Strangelove
26%
Shane. Shane. Come back!Shane
25%
Love means never having to say you're sorry.Love Story
24%
Cinderella story. Outta nowhere. A former greenskeeper, now,
about to become the Masters champion. It looks like a mirac... It's in the hole!
It's in the hole! It's in the hole!
Caddyshack
22%
What we've got here is failure to communicate.Cool Hand Luke
22%
Keep your friends close, but your enemies closer.The Godfather: Part II
20%
All right, Mr. DeMille, I'm ready for my close-up.Sunset Boulevard
20%
We rob banks.Bonnie and Clyde
20%
No wire hangers, ever!Mommie Dearest
18%
I'm walking here! I'm walking here!Midnight Cowboy
17%
I'm as mad as hell, and I'm not going to take this anymore!Network
17%
Well, nobody's perfect.Some Like It Hot
16%
They call me Mister Tibbs!In the Heat of the Night
16%
Listen to them. Children of the night. What music they make.Dracula
15%
Go ahead, make my day.Sudden Impact
12%
Attica! Attica!Dog Day Afternoon
11%
Fasten your seatbelts. It's going to be a bumpy night.All About Eve
10%
The stuff that dreams are made of.The Maltese Falcon
10%
Snap out of it!Moonstruck
10%
Today, I consider myself the luckiest man on the face of the earth.The Pride of the Yankees
9%
La-dee-da, la-dee-da.Annie Hall
8%
Badges? We ain't got no badges! We don't need no badges!
I don't have to show you any stinking badges!
The Treasure of the
Sierra Madre
8%
Wait a minute, wait a minute. You ain't heard nothin' yet!The Jazz Singer
7%
Is it safe?Marathon Man
7%
Made it, Ma! Top of the world!White Heat
7%
Tell 'em to go out there with all they got and win just one for the Gipper.Knute Rockne,
All American
7%
One morning I shot an elephant in my pajamas. How he got in
my pajamas, I don't know.
Animal Crackers
6%
Hello, gorgeousFunny Girl
5%
You know how to whistle, don't you, Steve? You just put your lips
together and blow.
To Have and Have Not
5%
I want to be alone.Grand Hotel
4%
My mother thanks you. My father thanks you. My sister thanks you. And I thank you.Yankee Doodle Dandy
4%
Oh, Jerry, don't let's ask for the moon. We have the stars.Now, Voyager
4%
You're my knight in shining armor. Don't you forget it. You're going
to get back on that horse, and I'm going to be right behind you, holding on tight,
and away we're gonna go, go, go!
On Golden Pond
4%
Life is a banquet, and most poor suckers are starving to death!Auntie Mame
3%
Why don't you come up sometime and see me?She Done Him Wrong
3%
Mother of mercy, is this the end of Rico?Little Caesar
3%
What a dump.Beyond the Forest
2%
Well, here's another nice mess you've gotten me into!Sons of the Desert
2%
Sawyer, you're going out a youngster, but you've got to come back a star!42nd Street
2%
Who's on first.The Naughty Nineties
1%

Score Distribution

Percentile by Number Answered

Percent of People with Each Score

Your Score History

You have not taken this quiz since the last reset